[Event "It (cat.9)"]
[Site "Balatonlelle (Hungary)"]
[Date "2007.06.23"]
[Round "8"]
[White "Boros Denes (HUN)"]
[Black "Berczes David (HUN)"]
[Result "1-0"]
[WhiteElo "2501"]
[BlackElo "2442"]
[PlyCount "73"]
[EventDate "2007.??.??"]
[Source "www.chesslib.no"]
[SourceDate "2004.05.04"]

1. e4 e6 2. d4 d5 3. Nc3 Nf6 4. Bd3 c5 5. exd5 cxd4 6. Bb5+ Bd7 7. Bxd7+ Qxd7 8. dxe6 Qxe6+ 9. Nce2 Bb4+ 10. Bd2 Bxd2+ 11. Qxd2 O-O 12. Nh3 Nc6 13. Nhf4 Qc4 14. O-O Rfd8 15. Rfd1 h6 16. Ng3 Rac8 17. Nd3 Ne7 18. Re1 Ng6 19. Re2 Re8 20. a3 Rxe2 21. Qxe2 Re8 22. Qd2 h5 23. h3 Qd5 24. f3 h4 25. Nf1 Qc4 26. Re1 Rc8 27. Re2 Rd8 28. Qa5 b6 29. Qxa7 Nd5 30. Qb7 Ngf4 31. Nxf4 Nxf4 32. Re4 g5 33. Qxb6 Rd5 34. Qb8+ Kg7 35. Ne3 Qa2 36. Nxd5 Nxh3+ 37. Kh2 1-0

[Event "ESP Ch"]
[Site "?"]
[Date "1998.08.17"]
[Round "6"]
[White "Montell Lorenzo Joan Carlos"]
[Black "Comas Fabrego Lluis"]
[Result "0-1"]
[WhiteElo "2280"]
[BlackElo "2540"]
[PlyCount "148"]
[EventDate "1998.??.??"]
[Source "www.chesslib.no"]
[SourceDate "2004.05.04"]

1. e4 e6 2. d4 d5 3. Nc3 Nf6 4. Bd3 c5 5. Nf3 cxd4 6. Nxd4 e5 7. Nf3 d4 8. Ne2 Bg4 9. c3 Bxf3 10. gxf3 dxc3 11. Nxc3 Nc6 12. f4 Bd6 13. fxe5 Bxe5 14. f4 Bd4 15. Qf3 O-O 16. Bd2 Nb4 17. Bb1 Re8 18. Kf1 Rc8 19. Kg2 Nc6 20. Rd1 Qb6 21. Bc1 Rcd8 22. e5 Bxe5 23. Rxd8 Rxd8 24. fxe5 Nxe5 25. Qe2 Re8 26. h3 Neg4 27. Qf1 Ne3+ 28. Bxe3 Rxe3 29. Qf2 Qc6+ 30. Be4 Rxe4 31. Nxe4 Nxe4 32. Qf3 Qc2+ 33. Kg1 Qxb2 34. Rd1 Qb6+ 35. Kg2 Qb2+ 36. Kg1 Qb6+ 37. Kg2 Nf6 38. Qd3 Qc6+ 39. Qf3 Qb6 40. Qd3 Qc6+ 41. Qf3 Qc2+ 42. Kh1 Qc8 43. Qc3 Qe8 44. Qd4 Qc6+ 45. Kh2 h6 46. Qd6 Qa4 47. Rd2 Ne4 48. Qd8+ Kh7 49. Qd3 f5 50. Rc2 Qe8 51. Qd5 Qb8+ 52. Kh1 Qf4 53. Qb3 h5 54. Kg2 Qg5+ 55. Kh2 Qf4+ 56. Kg2 h4 57. Qf3 Qg5+ 58. Kh2 b5 59. Rg2 Ng3 60. Rc2 a5 61. Rc5 Qd2+ 62. Qg2 Qd1 63. Qg1 Nf1+ 64. Kh1 Qd3 65. Qg2 Qb1 66. Re5 b4 67. Re7 Ng3+ 68. Kh2 a4 69. Rb7 Nf1+ 70. Kh1 Ne3+ 71. Qg1 Qe4+ 72. Kh2 Qf4+ 73. Kh1 Qf3+ 74. Kh2 Nf1+ 0-1

[Event "Seefeld op 9th"]
[Site "?"]
[Date "1998.??.??"]
[Round "9"]
[White "Schmittdiel Eckhard"]
[Black "Veinger Itzhak"]
[Result "0-1"]
[WhiteElo "2470"]
[BlackElo "2345"]
[PlyCount "106"]
[EventDate "1998.??.??"]
[Source "www.chesslib.no"]
[SourceDate "2004.05.04"]

1. e4 e6 2. d4 d5 3. Nc3 Nf6 4. Bd3 c5 5. exd5 Nxd5 6. Nf3 Nxc3 7. bxc3 Nc6 8. O-O Be7 9. Qe2 cxd4 10. cxd4 Nxd4 11. Nxd4 Qxd4 12. Be3 Qe5 13. Bb5+ Kf8 14. Rad1 f6 15. f4 Qc7 16. Bd4 g6 17. Kh1 Kg7 18. Bc4 Re8 19. Bb3 a5 20. Qb5 Qc6 21. Ba4 Qxb5 22. Bxb5 Rd8 23. a4 Kf7 24. Bb6 Rxd1 25. Rxd1 e5 26. fxe5 fxe5 27. Rf1+ Kg7 28. Bc7 Bf6 29. Re1 Bf5 30. Bxe5 Bxc2 31. Bc7 Rc8 32. Bxa5 Ra8 33. Rc1 Bxa4 34. Bxa4 Rxa5 35. Bd1 b5 36. g3 b4 37. Rc7+ Kh6 38. Bb3 Ra3 39. Bg8 b3 40. Rxh7+ Kg5 41. Be6 Be5 42. Bxb3 Rxb3 43. Re7 Kf5 44. Rf7+ Kg4 45. Re7 Rb1+ 46. Kg2 Rb2+ 47. Kh1 Re2 48. Rd7 Kf3 49. Rf7+ Ke4 50. Re7 Rd2 51. Re8 Kf3 52. Rf8+ Kg4 53. Rf7 g5 0-1

[Event "Bled op"]
[Site "Bled"]
[Date "1992.??.??"]
[Round "8"]
[White "Zelcic, Robert"]
[Black "Rogulj, Branko"]
[Result "1/2-1/2"]
[WhiteElo "2380"]
[BlackElo "2435"]
[PlyCount "137"]
[EventDate "1992.??.??"]
[Source "ChessBase"]

1. e4 e6 2. d4 d5 3. Nc3 Nf6 4. Bd3 c5 5. Nf3 Nc6 6. exd5 exd5 7. dxc5 Bxc5 8. O-O O-O 9. Bg5 Be6 10. Qd2 Nb4 11. Be2 Be7 12. a3 Nc6 13. Rad1 Re8 14. Rfe1 Qb6 15. Be3 Qxb2 16. Nb5 Ne4 17. Qd3 Rec8 18. Rb1 Qf6 19. c4 Nc5 20. Qd1 dxc4 21. Bg5 Qg6 22. Bxe7 Nxe7 23. Ne5 Qf6 24. Bxc4 Bxc4 25. Nxc4 Rd8 26. Qe2 Ng6 27. Qe3 b6 28. Rbd1 h6 29. g3 Rxd1 30. Rxd1 Qc6 31. Nbd6 Rd8 32. h4 Nb7 33. h5 Nxd6 34. hxg6 Qxc4 35. Rxd6 Rf8 36. Rd7 fxg6 37. Rxa7 Qc5 38. Qb3+ Kh8 39. Qb2 Rf6 40. Ra8+ Kh7 41. Qa2 h5 42. Qg8+ Kh6 43. Qa2 Rf8 44. Rxf8 Qxf8 45. Qb3 Qd8 46. a4 Kh7 47. Qb5 Qd4 48. Kg2 Qd8 49. Kg1 g5 50. Kg2 g6 51. Qc4 Kg7 52. Qc3+ Kh6 53. Qe5 h4 54. g4 Qa8+ 55. Kh2 Qf8 56. Kg2 Qg7 57. Qb8 Qf6 58. Qg8 h3+ 59. Kg1 h2+ 60. Kg2 h1=Q+ 61. Kxh1 Qf3+ 62. Kg1 Qxg4+ 63. Kf1 Qd4 64. Qa8 g4 65. Kg2 Kg5 66. Qc6 Qf6 67. Qc1+ Qf4 68. Qc6 Qd4 69. Qc1+ 1/2-1/2

[Event "BIH-chT"]
[Site "?"]
[Date "2001.08.30"]
[Round "7"]
[White "Tutic Resad"]
[Black "Atalik Suat"]
[Result "0-1"]
[WhiteElo "2245"]
[BlackElo "2532"]
[PlyCount "150"]
[EventDate "2001.??.??"]
[Source "www.chesslib.no"]
[SourceDate "2004.05.04"]

1. e4 e6 2. d4 d5 3. Nc3 Nf6 4. Bd3 c5 5. Bf4 dxe4 6. Nxe4 cxd4 7. Nf3 Nc6 8. O-O Nd5 9. Bd2 Be7 10. Re1 O-O 11. c3 dxc3 12. Nxc3 Nf6 13. Qe2 Nb4 14. Bb1 b6 15. Ne4 Nbd5 16. Ne5 Bb7 17. Ng5 Qd6 18. Qd3 Nb4 19. Qxh7+ Nxh7 20. Bxh7+ Kh8 21. Nexf7+ Rxf7 22. Nxf7+ Kxh7 23. Nxd6 Bxd6 24. Rxe6 Bc5 25. Bxb4 Bxb4 26. a3 Bf8 27. Rd1 Rc8 28. h3 Rc7 29. Rd2 Be7 30. f4 Bf6 31. Kh2 Bc8 32. Re8 Bd7 33. Re1 Kg6 34. g4 Bh4 35. Re5 Ba4 36. Re4 Bb3 37. Re3 Ba2 38. b3 Bb1 39. Kg2 Kf7 40. Kf3 Be7 41. Re1 Bc2 42. b4 a5 43. Rd4 axb4 44. axb4 Bb3 45. Re3 Bc4 46. h4 b5 47. Re5 Bf6 48. Rf5 Be6 49. Rxf6+ gxf6 50. f5 Bc8 51. Ke4 Rc1 52. Ke3 Ke7 53. Rf4 Rc3+ 54. Kd4 Rg3 55. Kc5 Bd7 56. Re4+ Kd8 57. Kb6 Rc3 58. h5 Rh3 59. Rd4 Ke7 60. Re4+ Kf8 61. Kc7 Be8 62. Re6 Rc3+ 63. Kd6 Rd3+ 64. Kc5 Kf7 65. h6 Bd7 66. Rd6 Rc3+ 67. Kb6 Ke7 68. Rd1 Rh3 69. Kc7 Be8 70. Re1+ Kf8 71. Re6 Rxh6 72. Kd8 Bf7 73. g5 Bxe6 74. fxe6 fxg5 75. e7+ Kg7 0-1

[Event "Bled Open"]
[Site "Bled SLO"]
[Date "1994.??.??"]
[Round "?"]
[White "Zelcic, Robert"]
[Black "Crepan, Marjan"]
[Result "1-0"]
[WhiteElo "2460"]
[BlackElo "2300"]
[PlyCount "151"]
[EventDate "1994.03.??"]
[Source "www.chesslib.no"]
[SourceDate "2004.05.04"]

1. e4 e6 2. d4 d5 3. Nc3 Nf6 4. Bd3 c5 5. Nf3 Nc6 6. exd5 Nxd5 7. Nxd5 Qxd5 8. dxc5 Bxc5 9. O-O b6 10. c4 Qh5 11. Be4 Bb7 12. b4 Be7 13. Qa4 Rc8 14. Nd4 b5 15. Qxb5 Qxb5 16. Nxb5 Ba6 17. a3 Ne5 18. Bf4 Rxc4 19. Bxe5 Rxe4 20. Nc7+ Kd7 21. Rfd1+ Kc6 22. Bxg7 Rg8 23. Rac1+ Bc4 24. f3 Rh4 25. Be5 Rd8 26. Rxd8 Bxd8 27. Bg3 Rd4 28. Be5 Bg5 29. b5+ Kb7 30. Rc3 Bd2 31. Bxd4 Bxc3 32. Bxc3 Kxc7 33. a4 Bb3 34. a5 Bc4 35. Bd4 Bxb5 36. Bxa7 e5 37. g4 Kc6 38. Kf2 Kd5 39. Ke3 Ba6 40. h4 Bc8 41. Bb8 Ke6 42. Bc7 Bb7 43. Bb6 f5 44. g5 f4+ 45. Kf2 Kf5 46. Bd8 Kg6 47. Bc7 Kf5 48. Kg2 Bc8 49. Bd6 Bb7 50. Be7 e4 51. h5 exf3+ 52. Kf2 Ke6 53. Bd8 Kf7 54. Bc7 Kg7 55. Bxf4 Kf7 56. Be3 Ke6 57. Kg3 Bc6 58. a6 Ba8 59. Bd4 Kf7 60. Kf4 Bc6 61. Ke5 Ba8 62. Kd6 Be4 63. a7 Ba8 64. Kc7 Be4 65. Kb8 Ke6 66. a8=Q Bxa8 67. Kxa8 Kd5 68. Bf2 Ke5 69. g6 hxg6 70. h6 Kf6 71. Bd4+ Kf7 72. h7 f2 73. h8=Q f1=Q 74. Qg7+ Ke6 75. Qe5+ Kf7 76. Qg7+ 1-0

[Event "Ch URS (qual)"]
[Site "Ashkhabad (Turkmenistan)"]
[Date "1990.??.??"]
[Round "?"]
[White "Odeev, Handszar"]
[Black "Ahundov, Ruslan"]
[Result "1-0"]
[WhiteElo "2305"]
[BlackElo "2445"]
[PlyCount "93"]
[EventDate "1990.??.??"]
[Source "www.chesslib.no"]
[SourceDate "2004.05.04"]

1. e4 e6 2. d4 d5 3. Nc3 Nf6 4. Bd3 c5 5. exd5 exd5 6. Nf3 c4 7. Be2 h6 8. a3 Bd6 9. Ne5 Nc6 10. Ng4 Be6 11. Be3 Nd7 12. f4 Bxg4 13. Bxg4 Nf6 14. Bf3 O-O 15. O-O Re8 16. Qd2 Bc7 17. Ne2 Qe7 18. Kf2 Qd7 19. c3 Ne7 20. Ng3 Nf5 21. Nxf5 Qxf5 22. Kg1 Ne4 23. Qe2 Re7 24. Bg4 Qg6 25. f5 Qb6 26. Bf4 Bxf4 27. Rxf4 Rae8 28. Qc2 h5 29. Bf3 Ng5 30. Bxh5 Qh6 31. Rh4 Nf3+ 32. gxf3 Qg5+ 33. Rg4 Qxh5 34. Qg2 Qh6 35. Qg3 Re2 36. Kh1 f6 37. Rg1 R8e7 38. Rh4 Qg5 39. Rg4 Qh6 40. Rg6 Qh7 41. Rxf6 Qh5 42. Rg6 Rxh2+ 43. Qxh2 Qxf3+ 44. R6g2 Re2 45. Qh4 Re4 46. Qg3 Qh5+ 47. Rh2 1-0

[Event "Cannes op 18th"]
[Site "Cannes"]
[Date "1997.??.??"]
[Round "4"]
[White "Zelcic, Robert"]
[Black "Benitah, Yohan"]
[Result "1-0"]
[WhiteElo "2455"]
[BlackElo "2285"]
[PlyCount "83"]
[EventDate "1997.02.22"]
[Source "ChessBase"]

1. e4 e6 2. d4 d5 3. Nc3 Nf6 4. Bd3 c5 5. exd5 Nxd5 6. Nf3 cxd4 7. Nxd5 Qxd5 8. O-O Nc6 9. Re1 Bd7 10. Be4 Qc5 11. a3 Be7 12. b4 Qh5 13. Bb2 Bf6 14. Nxd4 Qxd1 15. Raxd1 Nxd4 16. Bxd4 Bxd4 17. Rxd4 O-O-O 18. h4 Bb5 19. Red1 Rxd4 20. Rxd4 f5 21. c4 Ba4 22. Bd3 Kc7 23. f4 g6 24. c5 a6 25. Rd6 Re8 26. Kf2 Bc6 27. g3 e5 28. Rf6 e4 29. Rf7+ Kd8 30. Bc4 Re7 31. Rf6 Rd7 32. h5 Rd2+ 33. Ke1 Rc2 34. Bxa6 Ke7 35. Rd6 e3 36. Be2 Rc1+ 37. Rd1 Rc3 38. Rd3 Rc1+ 39. Bd1 e2 40. Re3+ Kf6 41. Kxe2 gxh5 42. Kd2 1-0

[Event "Bozen Open"]
[Site "Bozen ITA"]
[Date "1992.??.??"]
[Round "1"]
[White "Loncar, Robert"]
[Black "Efimov, Igor"]
[Result "0-1"]
[WhiteElo "2265"]
[BlackElo "2470"]
[PlyCount "84"]
[EventDate "1992.??.??"]
[Source "www.chesslib.no"]
[SourceDate "2004.05.04"]

1. e4 e6 2. d4 d5 3. Nc3 Nf6 4. Bd3 Nc6 5. Nf3 Nb4 6. O-O Nxd3 7. Qxd3 Be7 8. Bg5 O-O 9. e5 Nd7 10. Bxe7 Qxe7 11. Ne2 c5 12. dxc5 Nxc5 13. Qa3 b6 14. Ned4 a5 15. Rfe1 Ba6 16. Qe3 Rac8 17. Nd2 Rc7 18. f4 Rfc8 19. Qg3 Na4 20. Rab1 h6 21. N2f3 Rxc2 22. Nxc2 Rxc2 23. Nd4 Rd2 24. Qe3 Rxb2 25. Rxb2 Nxb2 26. f5 Nd3 27. Rd1 Nc5 28. f6 gxf6 29. Nc6 Qf8 30. exf6 Kh7 31. Rb1 Nd7 32. Ne5 Nxe5 33. Qxe5 Qc5+ 34. Kh1 Bd3 35. Qg3 Bg6 36. Rf1 d4 37. Qf4 e5 38. Qd2 e4 39. Rc1 e3 40. Qb2 Qe5 41. Kg1 e2 42. Qd2 d3 0-1

[Event "Bad Woerishofen Open"]
[Site "Bad Woerishofen GER"]
[Date "1994.??.??"]
[Round "6"]
[White "Zelcic, Robert"]
[Black "Kalevic, Sanja"]
[Result "1-0"]
[WhiteElo "2460"]
[BlackElo "2265"]
[PlyCount "100"]
[EventDate "1994.03.??"]
[Source "www.chesslib.no"]
[SourceDate "2004.05.04"]

1. e4 e6 2. d4 d5 3. Nc3 Nf6 4. Bd3 c5 5. Nf3 Nc6 6. exd5 exd5 7. O-O c4 8. Re1+ Be7 9. Bxc4 dxc4 10. d5 O-O 11. dxc6 bxc6 12. Qxd8 Bxd8 13. Ne5 Bf5 14. Nxc4 Bxc2 15. Bf4 Bb6 16. Be3 Nd7 17. Rac1 Bf5 18. Na4 Be6 19. h3 h6 20. b3 Bc7 21. Ncb2 Bd5 22. Nd3 Rfe8 23. Red1 a5 24. Ndb2 Nf6 25. Nc4 Re4 26. Nc3 Re7 27. Nb2 Bd6 28. Nba4 Ba3 29. Rc2 Rae8 30. Nb6 Re5 31. Nbxd5 cxd5 32. Nb5 Bb4 33. Rc7 d4 34. Nxd4 Nd5 35. Rc4 Nxe3 36. fxe3 Rxe3 37. Nc6 Be1 38. Rcc1 Bg3 39. Nxa5 Re2 40. a4 Rb2 41. Rb1 Ra2 42. Ra1 Rb2 43. Rd3 Bf2+ 44. Kh1 Ree2 45. Nc4 Rbc2 46. Rad1 Be1 47. Re3 Rxe3 48. Nxe3 Re2 49. Nc4 Bb4 50. Ra1 Bc3 1-0

[Event "YUG-chT"]
[Site "?"]
[Date "1996.??.??"]
[Round "?"]
[White "Babic Drasko"]
[Black "Marinkovic Slavisa"]
[Result "1/2-1/2"]
[WhiteElo "2305"]
[BlackElo "2405"]
[PlyCount "40"]
[EventDate "1996.??.??"]
[Source "www.chesslib.no"]
[SourceDate "2004.05.04"]

1. e4 e6 2. d4 d5 3. Nc3 Nf6 4. Bd3 c5 5. exd5 exd5 6. dxc5 Bxc5 7. Nf3 O-O 8. O-O Bg4 9. Bg5 Be6 10. Ne2 Nc6 11. Ng3 h6 12. Bf4 Bg4 13. h3 Bxf3 14. Qxf3 Nd4 15. Qd1 Ne6 16. Bd2 Ng5 17. Bxg5 hxg5 18. Qf3 Qd6 19. Nh5 Nxh5 20. Qxh5 Qh6 1/2-1/2

[Event "Umag op"]
[Site "?"]
[Date "2000.??.??"]
[Round "1"]
[White "Zelcic Robert"]
[Black "Ryznar Vladimir"]
[Result "1-0"]
[WhiteElo "2529"]
[BlackElo "2172"]
[PlyCount "27"]
[EventDate "2000.??.??"]
[Source "www.chesslib.no"]
[SourceDate "2004.05.04"]

1. e4 e6 2. d4 d5 3. Nc3 Nf6 4. Bd3 c5 5. exd5 Nxd5 6. Nxd5 Qxd5 7. Nf3 cxd4 8. O-O Nc6 9. Re1 Bc5 10. a3 a5 11. Ng5 g6 12. Ne4 Be7 13. Qf3 f5 14. Nf6+ 1-0

[Event "Zadar op"]
[Site "?"]
[Date "1998.??.??"]
[Round "8"]
[White "Lazovic Gordan"]
[Black "Kovacevic Blazimir"]
[Result "0-1"]
[WhiteElo "2305"]
[BlackElo "2395"]
[PlyCount "140"]
[EventDate "1998.??.??"]
[Source "www.chesslib.no"]
[SourceDate "2004.05.04"]

1. e4 e6 2. d4 d5 3. Nc3 Nf6 4. Bd3 c5 5. Nf3 cxd4 6. Nxd4 e5 7. Nf3 d4 8. Ne2 Bb4+ 9. c3 dxc3 10. bxc3 Bd6 11. Ng3 Nc6 12. O-O O-O 13. h3 Re8 14. Nh4 g6 15. Bh6 Ng4 16. Nhf5 Nxh6 17. Nxh6+ Kg7 18. Ng4 Bc5 19. Qf3 Bxg4 20. hxg4 Qf6 21. Qxf6+ Kxf6 22. Bc4 Re7 23. Rfd1 Na5 24. Be2 Rc8 25. Rd3 Rec7 26. Nf1 Bb6 27. Rc1 Bd4 28. Ne3 Bxe3 29. Rxe3 Kg5 30. f3 Nc6 31. Rd1 Nd8 32. Rd5 Rc5 33. Rxc5 Rxc5 34. Rd3 Ne6 35. Rd7 Rc7 36. Rxc7 Nxc7 37. g3 Kf6 38. Kf2 Ke7 39. Ke3 f6 40. Kd3 Kd6 41. Kc2 Kc5 42. Kb3 Ne6 43. Kc2 b5 44. Kb3 Ng5 45. Kc2 b4 46. cxb4+ Kxb4 47. Kd3 Ne6 48. Bd1 Nc5+ 49. Kc2 Kc4 50. Kd2 Kd4 51. Be2 Na4 52. Bd1 Nb2 53. Bb3 Nc4+ 54. Ke2 g5 55. Ba4 Kc3 56. Bb5 Na3 57. Bc6 Nc2 58. Bd5 a5 59. Bg8 Nb4 60. Bf7 Nc6 61. Ke3 Nb4 62. Bg8 a4 63. Bf7 Kb2 64. Kd2 Nxa2 65. Kd3 Nc1+ 66. Kc4 a3 67. Kb4 Nd3+ 68. Kb5 Ne1 69. f4 Nf3 70. Kb4 Nd2 0-1

[Event "Hong Kong zt"]
[Site "Hong Kong"]
[Date "1972.??.??"]
[Round "8"]
[White "Shaw, Terrey I"]
[Black "Giam, Choo-Kwee"]
[Result "1-0"]
[WhiteElo "2390"]
[BlackElo "2310"]
[PlyCount "59"]
[EventDate "1972.??.??"]
[Source "www.chesslib.no"]
[SourceDate "2004.05.04"]

1. e4 e6 2. d4 d5 3. Nc3 Nf6 4. Bd3 c5 5. exd5 exd5 6. Bg5 c4 7. Bxf6 gxf6 8. Be2 Nc6 9. Bf3 Be6 10. Nge2 Bh6 11. O-O Rg8 12. b3 Na5 13. Re1 Kf8 14. Qb1 cxb3 15. cxb3 Rg6 16. Qd3 Rc8 17. Rad1 Qd7 18. Ng3 Nc6 19. Bh5 Nb4 20. Qf3 Bg4 21. Bxg4 Qxg4 22. Qxg4 Rxg4 23. Nb5 Nxa2 24. Nd6 Rb8 25. f3 Rg6 26. Ra1 Nb4 27. Rxa7 f5 28. Rxb7 Rxb7 29. Re8+ Kg7 30. Nh5# 1-0

[Event "FRA-ch76 Accession"]
[Site "Marselha"]
[Date "2001.??.??"]
[Round "2"]
[White "Zigura, Oleg"]
[Black "Clery, Nicolas"]
[Result "0-1"]
[WhiteElo "2406"]
[BlackElo "2276"]
[PlyCount "128"]
[EventDate "2001.08.12"]
[Source "www.chesslib.no"]
[SourceDate "2004.05.04"]

1. e4 e6 2. d4 d5 3. Nc3 Nf6 4. Bd3 c5 5. exd5 Nxd5 6. Nf3 cxd4 7. Nxd4 Nxc3 8. bxc3 Nd7 9. O-O Be7 10. Re1 O-O 11. Re3 g6 12. h4 Bxh4 13. Rh3 Nc5 14. Bh6 Re8 15. Bb5 e5 16. Bxe8 Bxh3 17. Nf3 Be6 18. Qe2 Bf6 19. Bb5 a6 20. Bc4 Bxc4 21. Qxc4 Rc8 22. Qg4 Qd7 23. Qxd7 Nxd7 24. Rd1 Rd8 25. g4 e4 26. Bg5 Ne5 27. Rxd8+ Bxd8 28. Nxe5 Bxg5 29. Nc4 Be7 30. Kg2 Kg7 31. Na5 b6 32. Nc6 Bd6 33. a4 a5 34. Nd4 Kf6 35. f3 exf3+ 36. Kxf3 Kg5 37. Ne2 f5 38. gxf5 Kxf5 39. c4 h5 40. Nd4+ Kf6 41. Ke4 Bc5 42. Ne2 Kg5 43. Kf3 Kf5 44. Ng3+ Ke5 45. c3 Be7 46. Ke3 Bg5+ 47. Kf3 Bd2 48. Ne4 Be1 49. Ke3 h4 50. c5 bxc5 51. Nxc5 Bxc3 52. Nd3+ Kf5 53. Nf2 Be1 54. Nd3 Bg3 55. Nc5 g5 56. Nb3 g4 57. Nd4+ Kg5 58. Ne6+ Kf6 59. Nc5 Bc7 60. Ke2 Kf5 61. Kf1 Bb6 62. Nd7 Bd4 63. Nb8 h3 64. Nc6 Bc5 0-1

[Event "Pan American"]
[Site "Bariloche"]
[Date "1991.??.??"]
[Round "1"]
[White "Playa, Marcelo"]
[Black "Minero Pineda, Sergio"]
[Result "0-1"]
[WhiteElo "2295"]
[BlackElo "2360"]
[PlyCount "85"]
[EventDate "1991.??.??"]
[Source "www.chesslib.no"]
[SourceDate "2004.05.04"]

1. e4 e6 2. d4 d5 3. Nc3 Nf6 4. Bd3 c5 5. exd5 exd5 6. Bg5 c4 7. Be2 Be7 8. Bf3 Be6 9. Nge2 h6 10. Bxf6 Bxf6 11. Nf4 Nc6 12. Nxe6 fxe6 13. Bh5+ Kd7 14. Ne2 g6 15. Bf3 h5 16. c3 g5 17. g4 h4 18. h3 Rf8 19. O-O Be7 20. Bg2 Bd6 21. b3 b5 22. a4 a6 23. axb5 axb5 24. Rxa8 Qxa8 25. bxc4 bxc4 26. Qd2 Qd8 27. Qe3 Qf6 28. Kh1 Ne7 29. Ng1 Bf4 30. Qe2 e5 31. dxe5 Bxe5 32. Ra1 Bc7 33. Re1 Qd6 34. f4 Rxf4 35. Nf3 Re4 36. Qd2 Rxe1+ 37. Qxe1 Ng6 38. Qd2 Nf4 39. Nxg5 Nd3 40. Nf3 Bb6 41. Nd4 Qg3 42. Kg1 Nf4 43. Kf1 0-1

[Event "YUG-chT (Women)"]
[Site "?"]
[Date "1996.??.??"]
[Round "?"]
[White "Petronic Sanja"]
[Black "Matveeva Svetlana"]
[Result "0-1"]
[WhiteElo "2210"]
[BlackElo "2445"]
[PlyCount "106"]
[EventDate "1996.??.??"]
[Source "www.chesslib.no"]
[SourceDate "2004.05.04"]

1. e4 e6 2. d4 d5 3. Nc3 Nf6 4. Bd3 c5 5. Nf3 c4 6. Be2 Bb4 7. exd5 exd5 8. Bd2 Bxc3 9. Bxc3 Ne4 10. Bd2 Nc6 11. c3 O-O 12. O-O Re8 13. h3 Bf5 14. Re1 b5 15. a4 a6 16. b4 bxa4 17. Qxa4 Bd7 18. Qc2 a5 19. bxa5 Nxa5 20. Ne5 Bf5 21. g4 Qh4 22. Be3 Bg6 23. Nxg6 hxg6 24. Bf1 f5 25. f3 Nb3 26. Rxa8 Rxa8 27. Rd1 Qg3+ 28. Bg2 Re8 29. Bf2 Nxf2 30. Qxf2 Qf4 31. Re1 Ra8 32. Qe2 Kh7 33. Qe6 Ra2 34. Qe5 Qd2 35. Qg3 g5 36. gxf5 Qxc3 37. Rd1 Ra1 38. Rxa1 Qxa1+ 39. Kh2 Qc1 40. f4 Qxf4 41. Qxf4 gxf4 42. Bxd5 Nd2 43. Bc6 c3 44. Ba4 Nf3+ 45. Kg2 Nxd4 46. Kf2 Kh6 47. f6 g5 48. Ke1 Kg6 49. Bd7 Kxf6 50. Bc8 Ke5 51. Bb7 f3 52. Kd1 Kf4 53. Ba6 Kg3 0-1

[Event "Baerum"]
[Site "Baerum"]
[Date "1980.??.??"]
[Round "6"]
[White "Hoen, Ragnar"]
[Black "Heiberg, Thomas"]
[Result "1/2-1/2"]
[WhiteElo "2395"]
[BlackElo "2250"]
[PlyCount "61"]
[EventDate "1980.08.??"]
[Source "ChessBase"]

1. e4 e6 2. d4 d5 3. Nc3 Nf6 4. Bd3 dxe4 5. Nxe4 Nbd7 6. c3 Be7 7. Nf3 O-O 8. O-O Nxe4 9. Bxe4 c5 10. Bc2 cxd4 11. Nxd4 Nf6 12. Re1 Bd7 13. Qf3 Rc8 14. Bg5 Re8 15. Rad1 Qb6 16. Qd3 g6 17. Bb3 Rcd8 18. Qf3 Nd5 19. Bxe7 Nxe7 20. Qf6 Bc8 21. Nf3 Qc7 22. h4 Rxd1 23. Rxd1 Rd8 24. Rxd8+ Qxd8 25. Ng5 Qf8 26. h5 Nf5 27. hxg6 hxg6 28. Ne4 Nd6 29. Ng5 Nf5 30. Ne4 Nd6 31. Ng5 1/2-1/2

[Event "AUT Ch"]
[Site "Austria"]
[Date "1989.??.??"]
[Round "2"]
[White "Petschar, Kurt"]
[Black "Hoelzl, Franz"]
[Result "1/2-1/2"]
[WhiteElo "2290"]
[BlackElo "2350"]
[PlyCount "96"]
[EventDate "1989.??.??"]
[Source "www.chesslib.no"]
[SourceDate "2004.05.04"]

1. e4 e6 2. d4 d5 3. Nc3 Nf6 4. Bd3 c5 5. dxc5 d4 6. Nce2 Bxc5 7. Nf3 Nc6 8. c3 dxc3 9. Nxc3 Ng4 10. O-O O-O 11. h3 Nge5 12. Nxe5 Nxe5 13. Bc2 Qh4 14. Qd2 b6 15. Qf4 Qxf4 16. Bxf4 Nc4 17. b3 Bd4 18. bxc4 Bxc3 19. Rad1 e5 20. Be3 Ba6 21. Bb3 Rfd8 22. Rxd8+ Rxd8 23. Rc1 Bb2 24. Rc2 Ba3 25. c5 Rc8 26. cxb6 Rxc2 27. Bxc2 axb6 28. Bxb6 Kf8 29. Bb3 Ke7 30. g3 f6 31. Kg2 Kd6 32. f4 exf4 33. gxf4 Bb7 34. Kf3 f5 35. Bc2 g6 36. Bd4 Ke7 37. Bc3 fxe4+ 38. Bxe4 Bc8 39. h4 Be6 40. Bb1 Kf7 41. Bd4 Bd5+ 42. Kg3 Be6 43. h5 gxh5 44. Kh4 Bg4 45. Bxh7 Bd1 46. Be4 Be7+ 47. Kg3 Bd6 48. Bf3 Bxf4+ 1/2-1/2

[Event "SLO-chT2"]
[Site "?"]
[Date "1998.??.??"]
[Round "?"]
[White "Lazovic Gordan"]
[Black "Furlan Miha"]
[Result "0-1"]
[WhiteElo "2305"]
[BlackElo "2330"]
[PlyCount "118"]
[EventDate "1998.??.??"]
[Source "www.chesslib.no"]
[SourceDate "2004.05.04"]

1. e4 e6 2. d4 d5 3. Nc3 Nf6 4. Bd3 c5 5. Nf3 Nc6 6. exd5 exd5 7. O-O c4 8. Re1+ Be7 9. Bf1 Bg4 10. Bg5 O-O 11. h3 Be6 12. Ne5 Rc8 13. Nxc6 Rxc6 14. Be2 h6 15. Bh4 Qb6 16. Rb1 Qa5 17. Bf3 Rd8 18. Qd2 Rd7 19. Re5 Qd8 20. Ree1 a6 21. Bg3 Nh7 22. Qe2 Ng5 23. Bg4 Bb4 24. Bxe6 Rxe6 25. Qg4 Rde7 26. Rxe6 Rxe6 27. Bh4 Rg6 28. Bxg5 Rxg5 29. Qf3 Bxc3 30. Qxc3 Rg6 31. Re1 Qg5 32. Qf3 Rf6 33. Re8+ Kh7 34. Qe3 Qf5 35. Qe2 Rg6 36. Kh2 Qf4+ 37. g3 Qxd4 38. c3 Qc5 39. Re3 Re6 40. Rxe6 fxe6 41. f4 Qb6 42. h4 Kg8 43. Kh3 Qd6 44. Qh5 Qd7 45. Qe5 Qf7 46. Kh2 Kh7 47. Qd6 Qf5 48. Qb6 Qc2+ 49. Kh3 Qe4 50. Kh2 Qe2+ 51. Kh3 h5 52. a4 Qe4 53. Kh2 Qc2+ 54. Kh3 Qd1 55. Kh2 Qxa4 56. Qxb7 Qb3 57. Qf7 Qxb2+ 58. Kh3 Qe2 59. Qa7 Qe1 0-1

[Event "BL2-W 9495"]
[Site "GER"]
[Date "1995.??.??"]
[Round "?"]
[White "Schlick, Volker"]
[Black "Schiffer, Kai-Uwe"]
[Result "1-0"]
[WhiteElo "2315"]
[BlackElo "2295"]
[PlyCount "43"]
[EventDate "1994.10.??"]
[Source "www.chesslib.no"]
[SourceDate "2004.05.04"]

1. e4 e6 2. d4 d5 3. Nc3 Nf6 4. Bd3 c5 5. dxc5 dxe4 6. Nxe4 Nxe4 7. Bxe4 Qxd1+ 8. Kxd1 Bxc5 9. Ke2 Nd7 10. Be3 Rb8 11. Nf3 Bxe3 12. Kxe3 Nc5 13. Nd2 Nxe4 14. Nxe4 Ke7 15. c4 b6 16. f3 Bb7 17. Rhd1 Rhd8 18. Rac1 Rbc8 19. Rxd8 Rxd8 20. c5 Bxe4 21. fxe4 Rc8 22. cxb6 1-0

[Event "Velden Open"]
[Site "Velden GER"]
[Date "1995.??.??"]
[Round "6"]
[White "Vlasak, Reinhard"]
[Black "Reefschlaeger, Helmut"]
[Result "0-1"]
[WhiteElo "2235"]
[BlackElo "2375"]
[PlyCount "52"]
[EventDate "1995.06.??"]
[Source "www.chesslib.no"]
[SourceDate "2004.05.04"]

1. e4 e6 2. d4 d5 3. Nc3 Nf6 4. Bd3 Nc6 5. Nf3 Bb4 6. exd5 exd5 7. O-O Bg4 8. h3 Bxf3 9. Qxf3 Nxd4 10. Qe3+ Ne6 11. Qe2 O-O 12. Rd1 c6 13. Bf5 Re8 14. Qf3 Qc7 15. Ne2 Bc5 16. Nf4 Nd4 17. Qd3 Nxf5 18. Qxf5 Re5 19. Qd3 Rae8 20. Bd2 g5 21. Qf3 gxf4 22. Bxf4 Ne4 23. Qg4+ Kh8 24. Rf1 Qe7 25. Bxe5+ Qxe5 26. Rae1 Nxf2 0-1

[Event "GER Team Ch Univ"]
[Site "?"]
[Date "1999.??.??"]
[Round "4"]
[White "Kienast Joerg"]
[Black "Proehl Holger"]
[Result "1-0"]
[WhiteElo "2208"]
[BlackElo "2401"]
[PlyCount "81"]
[EventDate "1999.??.??"]
[Source "www.chesslib.no"]
[SourceDate "2004.05.04"]

1. e4 e6 2. d4 d5 3. Nc3 Nf6 4. Bd3 c5 5. exd5 Nxd5 6. Nf3 Nc6 7. dxc5 Bxc5 8. Ne4 Be7 9. a3 f5 10. Ng3 O-O 11. O-O Nb6 12. Qe2 Qc7 13. c3 e5 14. Ng5 Bxg5 15. Bxg5 Be6 16. Rfe1 Rae8 17. Rad1 a6 18. Qh5 e4 19. Bc2 Qf7 20. b3 Nd5 21. c4 Nf6 22. Qxf7+ Kxf7 23. f3 exf3 24. gxf3 g6 25. Rd6 Ng8 26. Kf2 Bc8 27. Red1 Re6 28. b4 Rxd6 29. Rxd6 h6 30. Be3 Be6 31. b5 Ne5 32. Rb6 Bc8 33. bxa6 bxa6 34. c5 Rd8 35. Ne2 Nd3+ 36. Kf1 Ne5 37. Nd4 f4 38. Bxf4 Nc4 39. Bxg6+ Ke7 40. Nc6+ Kd7 41. Nxd8 1-0